[Event "Lippe Cup-A 08th"]
[Site "Lieme"]
[Date "2011.10.30"]
[Round "5"]
[White "Kuhn, Andreas2222"]
[Black "Szobries, Harald"]
[Result "0-1"]
[WhiteElo "1956"]
[BlackElo "1958"]
[PlyCount "44"]
[EventDate "2011.10.28"]
[EventType "swiss"]
[EventRounds "5"]
[EventCountry "GER"]
[SourceTitle "EXT 2012"]
[Source "ChessBase"]
[SourceDate "2011.11.24"]
[SourceVersion "1"]
[SourceVersionDate "2011.11.24"]
[SourceQuality "1"]

1. c4 e5 2. g3 d6 3. Bg2 f5 4. d4 Be7 5. dxe5 dxe5 6. Qxd8+ Bxd8 7. Nc3 Nf6 8. e4 c6 9. Nge2 0-0 10. 0-0 Na6 11. Be3 Ng4 12. Bd2 Nc5 13. h3 Nf6 14. exf5 Bxf5 15. Be3 Nd3 16. g4 Bg6 17. g5 Nh5 18. Ne4 Nhf4 19. Bxf4 exf4 20. Bf3 Ne5 21. Kg2 Nxf3 22. Kxf3 Bh5+ 0-1

[Event "Dortmund op-B"]
[Site "Dortmund"]
[Date "2009.07.11"]
[Round "8"]
[White "Sennholz, Michael"]
[Black "Szobries, Harald"]
[Result "1-0"]
[WhiteElo "1599"]
[BlackElo "1953"]
[PlyCount "50"]
[EventDate "2009.07.04"]
[EventType "swiss"]
[EventRounds "9"]
[EventCountry "GER"]
[SourceTitle "EXT 2012"]
[Source "ChessBase"]
[SourceDate "2011.11.24"]
[SourceVersion "1"]
[SourceVersionDate "2011.11.24"]
[SourceQuality "1"]

1. e4 e6 2. d3 d5 3. Nd2 Nf6 4. Ngf3 b6 5. e5 Nfd7 6. d4 c5 7. c3 Be7 8. g3 cxd4 9. cxd4 0-0 10. Qc2 Ba6 11. Bd3 Bxd3 12. Qxd3 Nc6 13. a3 f6 14. exf6 Bxf6 15. 0-0 e5 16. Qb5 Ne7 17. dxe5 Nxe5 18. Re1 N7c6 19. Nxe5 Nxe5 20. f4 Ng4 21. Nf3 Be7 22. h3 a6 23. Qc6 Rc8 24. Qe6+ Rf7 25. hxg4 Rc6 1-0

[Event "Dortmund Sparkassen op"]
[Site "Dortmund"]
[Date "2008.07.05"]
[Round "8"]
[White "Szobries, Harald"]
[Black "Kelbling, Philipp"]
[Result "0-1"]
[WhiteElo "1931"]
[BlackElo "2059"]
[PlyCount "76"]
[EventDate "2008.06.30"]
[EventType "swiss"]
[EventRounds "9"]
[EventCountry "GER"]
[SourceTitle "CBM 125 Extra"]
[Source "ChessBase"]
[SourceDate "2008.09.01"]
[SourceVersion "1"]
[SourceVersionDate "2008.09.01"]
[SourceQuality "1"]

1. c4 Nf6 2. g3 d5 3. Nf3 g6 4. b3 Bg7 5. Bb2 c6 6. Bg2 0-0 7. 0-0 b6 8. d3 Bb7 9. Nbd2 c5 10. cxd5 Nxd5 11. Bxg7 Kxg7 12. Qc2 Nc6 13. Nc4 f6 14. Qb2 Nc7 15. Rac1 Rb8 16. Ng5 Qd4 17. Ne4 Qxb2 18. Nxb2 Nd4 19. Rfe1 f5 20. Nc3 Bxg2 21. Kxg2 Rbd8 22. f4 Rfe8 23. Nc4 Nc6 24. Rcd1 e5 25. fxe5 Nxe5 26. Nxe5 Rxe5 27. e4 fxe4 28. dxe4 Ree8 29. Kf3 Ne6 30. Rxd8 Rxd8 31. Rd1 Nd4+ 32. Kg4 Rf8 33. Rd2 Rf7 34. b4 Nf3 35. Rc2 h5+ 36. Kh3 g5 37. g4 Nd4 38. Rd2 Rf3+ 0-1

[Event "Dortmund Sparkassen op"]
[Site "Dortmund"]
[Date "2008.07.03"]
[Round "6"]
[White "Szobries, Harald"]
[Black "Lapidus, Mark"]
[Result "1/2-1/2"]
[WhiteElo "1931"]
[BlackElo "1877"]
[PlyCount "91"]
[EventDate "2008.06.30"]
[EventType "swiss"]
[EventRounds "9"]
[EventCountry "GER"]
[SourceTitle "CBM 125 Extra"]
[Source "ChessBase"]
[SourceDate "2008.09.01"]
[SourceVersion "1"]
[SourceVersionDate "2008.09.01"]
[SourceQuality "1"]

1. c4 e5 2. g3 Nf6 3. Bg2 d5 4. cxd5 Nxd5 5. Nf3 Nc6 6. d4 Bb4+ 7. Bd2 e4 8. Ne5 e3 9. Bxb4 exf2+ 10. Kxf2 Ndxb4 11. Nxc6 Nxc6 12. Bxc6+ bxc6 13. Qd3 0-0 14. Nd2 Qf6+ 15. Nf3 Bf5 16. Qc3 Be4 17. Rhd1 Rab8 18. Rd2 Rb5 19. Kg1 Rf5 20. Rf1 h5 21. Rdd1 Bd5 22. Ne5 Rxf1+ 23. Rxf1 Qe6 24. Rf4 f6 25. e4 fxe5 26. exd5 Qxd5 27. Rxf8+ Kxf8 28. dxe5 Qxa2 29. Qc5+ Kg8 30. Qe7 Qb1+ 31. Kg2 Qxb2+ 32. Kh3 Qe2 33. Qe8+ Kh7 34. e6 Qf1+ 35. Kh4 Qf6+ 36. Kh3 Qf1+ 37. Kh4 Qf5 38. Qxh5+ Qxh5+ 39. Kxh5 g6+ 40. Kg5 Kg7 41. h4 a5 42. g4 a4 43. h5 gxh5 44. gxh5 a3 45. h6+ Kh7 46. e7 1/2-1/2

[Event "Lippe Cup 04th"]
[Site "Lieme"]
[Date "2007.09.28"]
[Round "1"]
[White "Szobries, Harald"]
[Black "Hilverda, Alexander"]
[Result "0-1"]
[WhiteElo "1898"]
[BlackElo "2153"]
[PlyCount "94"]
[EventDate "2007.09.28"]
[EventType "swiss"]
[EventRounds "5"]
[EventCountry "GER"]
[SourceTitle "EXT 2012"]
[Source "ChessBase"]
[SourceDate "2011.11.24"]
[SourceVersion "1"]
[SourceVersionDate "2011.11.24"]
[SourceQuality "1"]

1. c4 e5 2. g3 Nf6 3. Bg2 d5 4. cxd5 Nxd5 5. Nc3 Nb6 6. Nf3 Nc6 7. 0-0 Be7 8. d3 0-0 9. a3 Be6 10. Be3 Qd7 11. b4 f6 12. Rc1 a5 13. bxa5 Rxa5 14. a4 Rfa8 15. Nd2 Nxa4 16. Nb3 Nxc3 17. Rxc3 Ra2 18. Bc5 Rb2 19. Bxe7 Qxe7 20. Nc5 Nd4 21. Re1 Raa2 22. Nxe6 Nxe6 23. Bd5 Ra7 24. Qc1 Rb6 25. Rxc7 Qd6 26. Rc8+ Kf7 27. Qc4 Kg6 28. Qg4+ Ng5 29. Be4+ Kf7 30. Qh5+ g6 31. Qh6 Ke6 32. Qg7 Qd7 33. Qg8+ Qf7 34. Re8+ Kd7 35. Rd8+ Ke7 36. Rc8 Qxg8 37. Rxg8 Nxe4 38. dxe4 Kf7 39. Rh8 Kg7 40. Rc8 Rc6 41. Rb8 Rc2 42. Rd1 Rxe2 43. Rd7+ Kh6 44. h4 Kh5 45. Rxh7+ Kg4 46. Rg7 Kh3 47. Kf1 Rb2 0-1

[Event "Bielefeld Gr4"]
[Site "Bielefeld"]
[Date "2007.05.27"]
[Round "5"]
[White "Lennartz, Christina"]
[Black "Szobries, Harald"]
[Result "0-1"]
[WhiteElo "1796"]
[BlackElo "1862"]
[PlyCount "66"]
[EventDate "2007.05.25"]
[EventType "tourn"]
[EventRounds "7"]
[EventCountry "GER"]
[SourceTitle "EXT 2008"]
[Source "ChessBase"]
[SourceDate "2007.11.25"]
[SourceVersion "1"]
[SourceVersionDate "2007.11.25"]
[SourceQuality "1"]

1. d4 d6 2. g3 e5 3. Bg2 Nd7 4. d5 f5 5. e4 fxe4 6. Bxe4 Ngf6 7. Bg5 Be7 8. Bf5 0-0 9. h4 Nc5 10. Bxc8 Qxc8 11. f3 Qf5 12. Nc3 e4 13. f4 Rae8 14. Qd4 h6 15. Bxf6 Bxf6 16. Qc4 Qg4 17. Nge2 Bxc3+ 18. bxc3 e3 19. 0-0-0 Re4 20. Rd4 Rfe8 21. Rh2 a6 22. a4 Qf3 23. Kb2 Qf1 24. g4 Rxd4 25. cxd4 Ne4 26. Qxc7 Nd2 27. Nc1 Qxf4 28. Qd7 Qxd4+ 29. Ka3 Qc5+ 30. Kb2 Rc8 31. Qe6+ Kh8 32. Qf5 Qc3+ 33. Ka2 Qxc2+ 0-1

[Event "Lippe Cup 03rd"]
[Site "Lieme"]
[Date "2006.10.08"]
[Round "4"]
[White "Szobries, Harald"]
[Black "Schuelke, Tilman"]
[Result "1/2-1/2"]
[WhiteElo "1722"]
[BlackElo "1989"]
[PlyCount "66"]
[EventDate "2006.10.06"]
[EventType "swiss"]
[EventRounds "5"]
[EventCountry "GER"]
[SourceTitle "EXT 2012"]
[Source "ChessBase"]
[SourceDate "2011.11.24"]
[SourceVersion "1"]
[SourceVersionDate "2011.11.24"]
[SourceQuality "1"]

1. e4 d5 2. exd5 Nf6 3. Bb5+ Bd7 4. Bc4 Bg4 5. f3 Bc8 6. Nc3 Nbd7 7. d4 Nb6 8. Bb3 Nbxd5 9. Nxd5 Nxd5 10. c4 Nb6 11. Ne2 e6 12. 0-0 Be7 13. Be3 Bd7 14. Nc3 Bc6 15. d5 exd5 16. Bxb6 axb6 17. cxd5 Bd7 18. Re1 0-0 19. Ne4 Bb5 20. a4 Be8 21. Re2 Kh8 22. d6 cxd6 23. Rd2 b5 24. a5 Rxa5 25. Rxa5 Qxa5 26. Nxd6 f6 27. Kh1 Bg6 28. Nxb7 Qa7 29. Rd7 Bb4 30. Nd8 Qf2 31. Ne6 Re8 32. Rd8 Be1 33. h3 Ba5 1/2-1/2

[Event "Lippe Cup 03rd"]
[Site "Lieme"]
[Date "2006.10.07"]
[Round "3"]
[White "Ruge, Vitalij"]
[Black "Szobries, Harald"]
[Result "0-1"]
[WhiteElo "1805"]
[BlackElo "1722"]
[PlyCount "98"]
[EventDate "2006.10.06"]
[EventType "swiss"]
[EventRounds "5"]
[EventCountry "GER"]
[SourceTitle "EXT 2012"]
[Source "ChessBase"]
[SourceDate "2011.11.24"]
[SourceVersion "1"]
[SourceVersionDate "2011.11.24"]
[SourceQuality "1"]

1. e4 c5 2. c3 g6 3. d4 cxd4 4. cxd4 d5 5. e5 Bg7 6. Nf3 Bg4 7. Nc3 Nc6 8. Bb5 e6 9. Qa4 Nge7 10. Bg5 0-0 11. Bxc6 bxc6 12. Nd2 Bf5 13. Nb3 Bd3 14. Nc5 Bb5 15. Nxb5 cxb5 16. Qxb5 Rb8 17. Qa4 Rxb2 18. Qxa7 Re8 19. Nb3 Nc6 20. Bxd8 Nxa7 21. Bb6 Nb5 22. 0-0 Na3 23. Bc5 Ra8 24. f4 Nc4 25. Rf2 Rxb3 26. a4 Bf8 27. Bxf8 Kxf8 28. Rfa2 Ra5 29. Kf2 Rb2+ 30. Rxb2 Nxb2 31. Rb1 Nxa4 32. Rb3 Ra8 33. g4 Rc8 34. h4 h5 35. f5 gxf5 36. gxf5 Rc2+ 37. Kg1 Rb2 38. Rf3 Ke7 39. f6+ Kd7 40. Rg3 Rb4 41. Rg7 Rxd4 42. Rxf7+ Ke8 43. Re7+ Kf8 44. Rxe6 Nc5 45. Rd6 Rg4+ 46. Kf1 d4 47. e6 Rf4+ 48. Ke2 d3+ 49. Kd2 Ne4+ 0-1

[Event "Dortmund Sparkassen op-B"]
[Site "Dortmund"]
[Date "2006.08.04"]
[Round "7"]
[White "Szobries, Harald"]
[Black "Mersch, Dirk"]
[Result "1-0"]
[WhiteElo "1722"]
[BlackElo "1634"]
[PlyCount "89"]
[EventDate "2006.07.28"]
[EventType "swiss"]
[EventRounds "9"]
[EventCountry "GER"]
[SourceTitle "CBM 113 Extra"]
[Source "ChessBase"]
[SourceDate "2006.09.14"]
[SourceVersion "1"]
[SourceVersionDate "2006.09.14"]
[SourceQuality "1"]

1. e4 e6 2. d4 d5 3. e5 c5 4. c3 Nc6 5. Nf3 Qb6 6. a3 cxd4 7. cxd4 Nge7 8. b4 Nf5 9. Bb2 Be7 10. h4 Bd7 11. g4 Nh6 12. Rg1 a5 13. b5 Na7 14. a4 Qd8 15. Bd3 Bb4+ 16. Kf1 Nc8 17. Ba3 Qe7 18. Bxb4 Qxb4 19. Nbd2 Nb6 20. Qb3 Qxb3 21. Nxb3 Nc4 22. Bxc4 dxc4 23. Nbd2 c3 24. Ne4 Ke7 25. Nd6 b6 26. Rc1 f6 27. Rxc3 Nf7 28. Nxf7 Kxf7 29. Ke2 Rac8 30. Rgc1 Rxc3 31. Rxc3 Rc8 32. Kd3 Ke7 33. Nd2 Rxc3+ 34. Kxc3 Kd8 35. Nc4 Kc7 36. Kd3 Be8 37. h5 fxe5 38. dxe5 h6 39. Ke4 g6 40. Nd6 Kd7 41. Nxe8 Kxe8 42. hxg6 Kf8 43. f4 Kg7 44. f5 exf5+ 45. gxf5 1-0

[Event "Dortmund Sparkassen op-B"]
[Site "Dortmund"]
[Date "2006.08.03"]
[Round "6"]
[White "Kuesgen, Dirk"]
[Black "Szobries, Harald"]
[Result "1-0"]
[WhiteElo "1816"]
[BlackElo "1722"]
[PlyCount "97"]
[EventDate "2006.07.28"]
[EventType "swiss"]
[EventRounds "9"]
[EventCountry "GER"]
[SourceTitle "CBM 113 Extra"]
[Source "ChessBase"]
[SourceDate "2006.09.14"]
[SourceVersion "1"]
[SourceVersionDate "2006.09.14"]
[SourceQuality "1"]

1. f4 d5 2. Nf3 Nf6 3. e3 Bg4 4. h3 Bxf3 5. Qxf3 c6 6. d3 Nbd7 7. Be2 e5 8. Nc3 Bd6 9. 0-0 0-0 10. Kh1 Re8 11. e4 dxe4 12. Nxe4 Nxe4 13. dxe4 exf4 14. Bxf4 Bxf4 15. Qxf4 Qf6 16. Qc7 Qe7 17. Qxb7 Nc5 18. Qxe7 Rxe7 19. Bd3 Nxe4 20. Bxe4 Rxe4 21. Rad1 Re2 22. Rd7 f6 23. Rfd1 Rxc2 24. Rb7 a5 25. Rdd7 Re8 26. Rxg7+ Kh8 27. Rxh7+ Kg8 28. Rhd7 Kf8 29. Rf7+ Kg8 30. Rg7+ Kh8 31. Rgf7 Kg8 32. Rxf6 Re1+ 33. Kh2 Ree2 34. Rg6+ Kf8 35. a4 Rxb2 36. Rxb2 Rxb2 37. Rxc6 Rb4 38. Ra6 Rxa4 39. g4 Kg7 40. Kg3 Ra1 41. Kh4 a4 42. Kg5 a3 43. h4 a2 44. h5 Kh7 45. Ra7+ Kg8 46. Kg6 Kf8 47. g5 Rb1 48. Ra8+ Ke7 49. Rxa2 1-0

[Event "Dortmund Sparkassen op-B"]
[Site "Dortmund"]
[Date "2006.07.30"]
[Round "3"]
[White "Szobries, Harald"]
[Black "Reinl, Walter"]
[Result "1/2-1/2"]
[WhiteElo "1722"]
[BlackElo "1507"]
[PlyCount "94"]
[EventDate "2006.07.28"]
[EventType "swiss"]
[EventRounds "9"]
[EventCountry "GER"]
[SourceTitle "CBM 113 Extra"]
[Source "ChessBase"]
[SourceDate "2006.09.14"]
[SourceVersion "1"]
[SourceVersionDate "2006.09.14"]
[SourceQuality "1"]

1. e4 c5 2. d4 cxd4 3. c3 d3 4. c4 Nc6 5. Bxd3 d6 6. Nc3 Nf6 7. Nge2 e6 8. 0-0 Be7 9. Kh1 Qb6 10. Be3 Qc7 11. f3 Nb4 12. Qa4+ Nc6 13. b4 0-0 14. Rac1 a6 15. Qb3 Ne5 16. Na4 Bd7 17. Nb6 Nxd3 18. Qxd3 Rae8 19. Rfd1 Bc8 20. Qb3 Nd7 21. c5 Nxb6 22. cxb6 Qb8 23. Rc7 Bd8 24. Rc2 Bd7 25. e5 d5 26. f4 Bb5 27. Bc5 Bxe2 28. Rxe2 Be7 29. Rc2 Bxc5 30. bxc5 Rc8 31. c6 bxc6 32. b7 Rc7 33. Rb1 f6 34. Kg1 Qa7+ 35. Qb6 Qxb6+ 36. Rxb6 Rb8 37. Rbxc6 Rxc6 38. Rxc6 Rxb7 39. Rxa6 Kf7 40. Kf2 fxe5 41. fxe5 Rb4 42. a4 Re4 43. Ra7+ Kg6 44. a5 Rxe5 45. a6 d4 46. Rd7 Ra5 47. a7 Ra2+ 1/2-1/2

[Event "Nettetal Chessgate op"]
[Site "Nettetal"]
[Date "2004.08.11"]
[Round "5"]
[White "Anders, Hartmut"]
[Black "Szobries, Harald"]
[Result "0-1"]
[WhiteElo "1669"]
[BlackElo "1864"]
[PlyCount "90"]
[EventDate "2004.08.07"]
[EventType "swiss"]
[EventRounds "9"]
[EventCountry "GER"]
[SourceTitle "EXT 2006"]
[Source "ChessBase"]
[SourceDate "2005.11.24"]
[SourceVersion "1"]
[SourceVersionDate "2005.11.24"]
[SourceQuality "1"]

1. d4 f5 2. Bg5 g6 3. e3 Bg7 4. Bc4 d5 5. Bb3 Nh6 6. Bxh6 Bxh6 7. Qf3 Be6 8. Nd2 Bf7 9. c4 c6 10. Ne2 0-0 11. h4 e6 12. g4 fxg4 13. Qxg4 Nd7 14. Qg2 Kh8 15. Nf3 Qf6 16. Ng5 Rae8 17. Nf4 e5 18. dxe5 Rxe5 19. Qg4 Nc5 20. Bc2 Bxg5 21. hxg5 Rxg5 22. Qh3 Qg7 23. 0-0-0 dxc4 24. Rdg1 Rxg1+ 25. Rxg1 Nd3+ 26. Bxd3 cxd3 27. Nxd3 Re8 28. Qd7 h5 29. Nf4 Qf6 30. Qxb7 g5 31. Nh3 g4 32. Nf4 Re7 33. Qb4 Qe5 34. Nd3 Qe4 35. Qc3+ Kh7 36. Nc5 Qc4 37. Qxc4 Bxc4 38. b3 Bd5 39. Nd3 Kh6 40. Nf4 Bf3 41. Kd2 Rd7+ 42. Kc3 h4 43. Kb4 Rd1 44. Rxd1 Bxd1 45. Kc4 h3 0-1